| 000 | 00413cam a2200133 a 4500 | ||
|---|---|---|---|
| 082 |
_a971.034 _bLUC _cD |
||
| 100 | 1 |
_aLucas, Charles Prestwood, _949477 |
|
| 245 | 1 | 4 |
_aThe Canadian war of 1812 / _cby C.P. Lucas, C.B. |
| 260 |
_aOxford : _bClarendon Press, _c1906. |
||
| 300 |
_a269 p., [8] leaves of plates : _bmaps ; _c23 cm. |
||
| 526 |
_a0 _b0 _c0 _d971_034000000000000_LUC |
||
| 650 |
_aMCE _9379 |
||
| 942 |
_2ddc _cBK |
||
| 999 |
_c552846 _d552846 |
||